Gaming Quiz

Random Gaming Quiz
Score 0/121 Timer 15:00
0 Plays Today
Ingredient Name % Correct
Apple
74.2%
Nirnroot
69.1%
Daedra Heart
66%
Bread Loaf
59.4%
Fire Salts
58.6%
Blood Grass
58.2%
Frost Salts
57.8%
Potato
57.4%
Bonemeal
57%
Rat Meat
56.6%
Troll Fat
55.5%
Minotaur Horn
55.1%
Ectoplasm
54.7%
Imp Gall
53.9%
Venison
53.5%
Carrot
52%
Vampire Dust
51.2%
Clannfear Claws
50.8%
Wheat Grain
50%
Tomato
49.2%
Scamp Skin
48.8%
Watermelon
48.4%
Orange
47.7%
Pumpkin
47.3%
Lettuce
46.5%
Void Salts
46.1%
Glow Dust
45.3%
Strawberry
45.3%
Flax Seed
44.5%
Nightshade
43.8%
Onion
43.8%
Grapes
43.4%
Mort Flesh
42.2%
Mutton
41.8%
Corn
41%
Garlic
41%
Crab Meat
40.2%
Boar Meat
39.5%
Human Heart
39.5%
Wisp Salk Cap
39.5%
Rice
39.1%
Ingredient Name % Correct
Beef
38.3%
Daedroth Teeth
38.3%
Cheese Wheel
37.9%
Harrada
37.9%
Morning Glory Root Pulp
37.9%
Scales
37.9%
Cheese Wedge
37.1%
Dreugh Wax
36.7%
Blackberry
36.3%
Leek
35.9%
Pear
35.9%
Ogre's Teeth
34.4%
Flour
34%
Aloe Vera Leaves
32.8%
Daedra Silk
32.4%
Taproot
32.4%
Radish
30.9%
Ham
29.3%
Tiger Lilly Nectar
29.3%
Daedra Venin
28.9%
Painted Troll Fat
27.7%
Elf Cup Cap
27.3%
Ambrosia
27%
Sweet Roll
27%
Rumare Slaughterfish Scales
26.2%
Green Stain Cup Cap
25.8%
Arrowroot
24.6%
Dragon's Tongue
24.6%
Fly Amanita Cap
23.8%
Human Skin
23.8%
Alkanet Flower
21.9%
Foxglove Nectar
21.9%
Ginseng
21.9%
Spiddal Stick
21.9%
Tobacco
21.5%
Steel-Blue Entoloma Cap
21.1%
Stinkhorn Cap
21.1%
Cinnabar Polypore Red
19.9%
Cinnabar Polypore Yellow
19.9%
Wormwood Leaves
19.5%
Sweetcake
19.1%
Ingredient Name % Correct
Unicorn Horn
19.1%
Lavender Sprig
18.8%
Mandrake Root
18.8%
Peony Seeds
18.8%
Monkshood Root Pulp
18.4%
Water Hyacinth Nectar
18.4%
Sacred Lotus Seeds
18%
Bog Beacon Asco Cap
17.6%
Shepard's Pie
17.6%
Root Pulp
17.2%
Lady's Mantle Leaves
16.8%
Primrose Leaves
16.4%
Bergamot Seed
16%
Clouded Funnel Cap
16%
Summer Bolete Cap
16%
Columbine Root Pulp
15.6%
Ironwood Nut
15.6%
Milk Thistle Seeds
15.2%
Motherwort Sprig
15.2%
Redwort Flower
15.2%
White Seed Pod
15.2%
Dryad's Saddle Polypore Cap
14.5%
Lichor
14.1%
S'jirra's Famous Potato Bread
14.1%
Carin Bolete Cap
13.7%
Refined Frost Salts
13.3%
Poisoned Apple
12.9%
St. Jahn's Wort Nectar
12.9%
Tinder Polypore Cap
12.9%
Lady's Smock Leaves
12.1%
Fennel Seeds
11.7%
Viper's Bugloss Leaves
11.3%
Emetic Russula Cap
10.9%
Jumbo Potato
10.9%
Ginkgo Leaf
10.5%
Mugwort Seeds
8.2%
Somnalius Frond
8.2%
Pinarus' Prize Minotaur Horn
7.4%
Ashes of Hindaril
7%
Remove Ads.
Support Sporcle.
Get the best of Sporcle when you Go Orange. This ad-free experience offers more features, more stats, and more fun while also helping to support Sporcle. Thank you for becoming a member.

You're not logged in!

Compare scores with friends on all Sporcle quizzes.
OR
Log In

Show Comments

Extras

Top Quizzes Today


Score Distribution

Your Account Isn't Verified!

In order to create a playlist on Sporcle, you need to verify the email address you used during registration. Go to your Sporcle Settings to finish the process.

Report this User

Report this user for behavior that violates our Community Guidelines.

Details: